000 00573nam a2200193Ia 4500
003 SGT
020 _a9780071072748
082 _a5.1
_bHUG
100 _aHughes,Bob
245 _aSoftware project management
250 _a5th . Ed.
260 _bTata McGraw Hill Education Private Limited
_aNew Delhi
_c2012
300 _a397p.
650 _aCOMPUTER SCINCE
653 _aINTRODUCTION TO SOFTWARE PROJECT MANAGEMENT,PROJECT EVALUATION AND PROGRAMME MANAGEMENT,AN OVERVIEW OF PROJECT PLANNING
700 _aCotterell,Mike
700 _aMall,Rajib
942 _2ddc
_cBK
_01
999 _c5434
_d5434